| 000 | 00612nam a2200229Ia 4500 | ||
|---|---|---|---|
| 003 | OSt | ||
| 005 | 20220928111653.0 | ||
| 006 | a|||||r|||| 00| 0 | ||
| 007 | ta | ||
| 008 | 220927b |||||||| |||| 00| 0 eng d | ||
| 024 | _a60109 | ||
| 037 | _cTextual | ||
| 040 |
_aSDCL _cSDCL _beng |
||
| 041 |
_2eng _aeng |
||
| 082 | _aR693xD50,1, N1.2 | ||
| 100 |
_aPrabhacandracarya _9424607 |
||
| 245 | 0 | _aNyaya-Kumuda-Candra. | |
| 260 |
_aDelhi _bSrisatguru Publication _c1991 |
||
| 300 |
_a929p _ccm. |
||
| 942 |
_hR693xD50,1, N1.2 _cTEXL _2CC |
||
| 999 |
_c741378 _d741378 |
||